| 000 | 00354nam a2200145Ia 4500 | ||
|---|---|---|---|
| 008 | 230917s9999||||xx |||||||||||||| ||und|| | ||
| 040 |
_e38767 _aMAIN |
||
| 041 | _aEnglish | ||
| 082 | _a658.1511 M315P | ||
| 100 | _aMohan, Man | ||
| 245 | 0 | _aPrinciples of management accountings | |
| 260 |
_aAgra _bSahitya _c1991 |
||
| 300 | _aiv, 1022 p. | ||
| 942 | _cBK | ||
| 999 |
_c69820 _d69820 |
||